• 首页
  • 本馆介绍
  • 公告通知
  • 最新文献
  • 馆藏检索
  • 电子资源
  • 读者导购
  • 参考咨询
  • 我的图书馆
  • 登录
  • 详细信息显示
  • 放入我的书架
  • 预约/预借图书
  • 作者相关作品
  • 分类相关作品
  • 丛书相关作品
  • 出版社相关作品

书目信息

  • 表格格式
  • 工作单格式
  • 卡片格式
题名:
昆曲
    
 
作者: 林牧 , 林牧 编著
分册:  
出版信息: 长春   吉林出版集团有限责任公司  2014
页数: 159页
开本: 24cm
丛书名: 争奇斗艳的世界非物质文化遗产
单 册:
中图分类: J821.9 , J821
科图分类:
主题词: 昆曲--kun qu--介绍
电子资源:
ISBN: 978-7-5534-5051-3
000 01028nam 2200277 450
001 2336038468
005 20231109120947.40
010    @a978-7-5534-5051-3@dCNY45.00
100    @a20140407d2014 em y0chiy50 ea
101 0  @achi
102    @aCN@b220000
105    @aa z 000yy
200 1  @a昆曲@Akun qu@f林牧编著@FLin Mu Bian Zhu
210    @a长春@c吉林出版集团有限责任公司@d2014
215    @a159页@c彩图@d24cm
225 2  @a争奇斗艳的世界非物质文化遗产@Azheng qi dou yan de shi jie fei wu zhi wen hua yi chan@e彩图版@v1
314    @a编著者林牧取自版权页
330    @a本书介绍了昆曲的相关内容,包括昆曲——人类口述的非物质文化遗产、艺术魅力——昆曲撼人心魄、昆曲是戏曲艺术中的瑰宝、昆曲名家把对昆曲的爱刻进骨头里、痴心不悔——他们让昆曲生生不息等。
410  0 @12001 @a争奇斗艳的世界非物质文化遗产@e彩图版@v1
606 0  @a昆曲@Akun qu@x介绍
690    @aJ821.9@v5
690    @aJ821@v4
701  0 @a林牧@Alin mu@4编著
701  0 @a林牧@ALin Mu@4编著
801  0 @aCN@b山东中教@c20230926
905    @aBZT@dJ821@e6
    
    昆曲/林牧编著.-长春:吉林出版集团有限责任公司,2014
    159页:彩图;24cm.-(争奇斗艳的世界非物质文化遗产:彩图版;1)
    
    
    ISBN 978-7-5534-5051-3:CNY45.00
    本书介绍了昆曲的相关内容,包括昆曲——人类口述的非物质文化遗产、艺术魅力——昆曲撼人心魄、昆曲是戏曲艺术中的瑰宝、昆曲名家把对昆曲的爱刻进骨头里、痴心不悔——他们让昆曲生生不息等。
●
相关链接 在五车中查询图书 在当当中查询图书 在豆瓣中查询图书


正题名:昆曲     索取号:J821/6         预约/预借

序号 登录号 条形码 馆藏地/架位号 状态 备注
1 2000961389   2000961389   第四书库/四35架A面6层3列/ [索取号:J821/6] 在馆    
2 2000961390   2000961390   第四书库/四35架A面6层3列/ [索取号:J821/6] 在馆    
3 2000961391   2000961391   第四书库/四35架A面6层3列/ [索取号:J821/6] 在馆    
4 2000961392   2000961392   第四书库/四35架A面6层3列/ [索取号:J821/6] 在馆    
5 2000961393   2000961393   第四书库/四35架A面6层3列/ [索取号:J821/6] 在馆    
6 2000961394   2000961394   第四书库/四35架A面6层3列/ [索取号:J821/6] 在馆    
山东省滨州职业学院图书馆 欢迎您!
大连网信软件有限公司© 版权所有